Repensando a geografia: moradia nas cidades brasileiras (Record no. 186003)

MARC details
000 -LÍDER
campo de controle de tamanho fixo 00414 a2200157 4500
001 - NÚMERO DE CONTROLE
campo de controle 186003
020 ## - ISBN - INTERNATIONAL STANDARD BOOK NUMBER
ISBN - International Standard Book Number 85-7244-053-4
040 ## - FONTE DA CATALOGAÇÃO
Instituição que transcreveu o registro Magnum
100 ## - ENTRADA PRINCIPAL--NOME PESSOAL
Nome pessoal Rodrigues, Arlete Moyses
240 10 - TÍTULO UNIFORME
Título uniforme Repensando a geografia: moradia nas cidades brasileiras
Idioma da obra por
245 10 - TÍTULO
Título Repensando a geografia: moradia nas cidades brasileiras
300 ## - DESCRIÇÃO FÍSICA
Extensão 71
362 0# - DATAS DE PUBLICAÇÃO E/OU DESIGNAÇÃO SEQUENCIAL
Datas de publicação e/ou designação sequencial 2001
697 ## - ENTRADA DE ASSUNTO LOCAL--ENTIDADE COLETIVA (RLIN)
Nome corporativo ou nome da jurisdição GEOGRAFIA DO BRASIL
942 ## - ELEMENTOS DE ENTRADA ADICIONADOS (KOHA)
Tipo de material Koha Livros
Holdings
Situação do descarte Situação das perdas Situação física Não pode ser emprestado Biblioteca de origem Biblioteca atual Data de aquisição Total de empréstimos Número de chamada completo Código de barras Data de último acesso Data do preço efetivo Tipo de material Koha
        Magnum Magnum 08/06/2024   0.147 MAG00051556 08/06/2024 08/06/2024 Livros